[Event "53rd World U20 ch"]
[Site "Pune IND"]
[Date "2014.10.06"]
[Round "1.32"]
[White "Nihal, Sarin"]
[Black "Westerberg, Jonathan"]
[Result "1-0"]
[WhiteElo "2018"]
[BlackElo "2420"]
[EventDate "2014.10.06"]
[PlyCount "32"]

1.d4 Nf6 2.c4 e6 3.Nf3 Bb4+ 4.Bd2 c5 5.g3 O-O 6.Bg2 Nc6 7.O-O d6 8.Bxb4 
cxb4 9.Nbd2 e5 10.d5 Nb8 11.Ng5 Ng4 12.Ngf3 a5 13.c5 dxc5 14.h3 Nf6 15.
Nxe5 Nxd5 16.Nb3 Nb6 1-0

[Event "53rd World U20 ch"]
[Site "Pune IND"]
[Date "2014.10.06"]
[Round "1.33"]
[White "Sunilduth Lyna, Narayanan"]
[Black "Stamos, Filippos"]
[Result "1-0"]
[WhiteElo "2420"]
[BlackElo "2076"]
[EventDate "2014.10.06"]
[PlyCount "37"]

1.d4 Nf6 2.c4 e6 3.Nf3 Bb4+ 4.Nbd2 d5 5.Qa4+ Nc6 6.e3 O-O 7.a3 Be7 8.Qc2 
a5 9.b3 Nb8 10.Bb2 Nbd7 11.Bd3 b6 12.cxd5 exd5 13.Ne5 Bd6 14.O-O Qe8 15.
Nxd7 Bxd7 16.e4 dxe4 17.Nxe4 Qd8 18.Nxd6 cxd6 19.d5 1-0

[Event "53rd World U20 ch"]
[Site "Pune IND"]
[Date "2014.10.06"]
[Round "1.34"]
[White "Shailesh, Dravid"]
[Black "Gagare, Shardul"]
[Result "0-1"]
[WhiteElo "2074"]
[BlackElo "2419"]
[EventDate "2014.10.06"]
[PlyCount "35"]

1.e4 c6 2.d4 d5 3.Nc3 g6 4.Be3 Bg7 5.Qd2 dxe4 6.Nxe4 Nd7 7.Nf3 Ngf6 8.Ng3 
Nb6 9.Bh6 Bxh6 10.Qxh6 Bg4 11.c3 Bxf3 12.gxf3 Qd5 13.Bh3 Qxf3 14.O-O Nbd5 
15.Bg2 Qf4 16.Qh3 Qg5 17.Ne2 Nh5 18.Rae1 0-1

[Event "53rd World U20 ch"]
[Site "Pune IND"]
[Date "2014.10.06"]
[Round "1.35"]
[White "Repka, Christopher"]
[Black "Ajay Krishna, S"]
[Result "0-1"]
[WhiteElo "2418"]
[BlackElo "2072"]
[EventDate "2014.10.06"]
[PlyCount "65"]

1.e4 c5 2.Nf3 g6 3.d4 cxd4 4.Nxd4 Nc6 5.c4 Nf6 6.Nc3 d6 7.Nc2 Bg7 8.Be2 
O-O 9.O-O Nd7 10.Bd2 Nc5 11.b4 Ne6 12.Rc1 a5 13.a3 axb4 14.axb4 Ned4 15.
Nxd4 Nxd4 16.Be3 Nxe2+ 17.Qxe2 Be6 18.Rfd1 Ra3 19.Nd5 Bxd5 20.exd5 Rb3 21.
Rb1 Rxb1 22.Rxb1 Qd7 23.Qd3 e6 24.dxe6 Qxe6 25.Rd1 Rc8 26.Qxd6 Qxc4 27.Qd7
Bf8 28.Qxb7 Qb3 29.Qd7 Rc7 30.Qd8 Rc8 31.Qd7 Rc7 32.Qd8 Rc8 33.Qd7 0-1

[Event "53rd World U20 ch"]
[Site "Pune IND"]
[Date "2014.10.06"]
[Round "1.36"]
[White "Deepthamsh, Reddy M."]
[Black "Csonka, Balazs"]
[Result "1/2-1/2"]
[WhiteElo "2071"]
[BlackElo "2412"]
[EventDate "2014.10.06"]
[PlyCount "31"]

1.d4 Nf6 2.c4 g6 3.Nc3 d5 4.Nf3 Bg7 5.Bg5 Ne4 6.cxd5 Nxg5 7.Nxg5 e6 8.Qd2 
h6 9.Nf3 exd5 10.e3 O-O 11.Be2 b6 12.O-O Bb7 13.b4 Nd7 14.Rac1 a6 15.a4 c6
16.Rfd1 1/2-1/2

[Event "53rd World U20 ch"]
[Site "Pune IND"]
[Date "2014.10.06"]
[Round "1.37"]
[White "Bai Jinshi"]
[Black "Rahul Srivatshav, P."]
[Result "1-0"]
[WhiteElo "2406"]
[BlackElo "2061"]
[EventDate "2014.10.06"]
[PlyCount "77"]

1.d4 Nf6 2.c4 g6 3.Nc3 Bg7 4.e4 d6 5.Be2 O-O 6.Nf3 e5 7.dxe5 dxe5 8.Qxd8 
Rxd8 9.Bg5 Re8 10.Nd5 Nxd5 11.cxd5 c6 12.O-O cxd5 13.exd5 e4 14.Nd2 Re5 
15.Rac1 Na6 16.Be3 Nb4 17.d6 Bf5 18.Rc7 b6 19.Bf4 Ra5 20.Bc4 Nd5 21.b4 
Nxc7 22.bxa5 Ne6 23.Bxe6 Bxe6 24.Nxe4 f5 25.Ng5 Bxa2 26.d7 h6 27.Rc1 Rf8 
28.Rc8 Bf6 29.Bd6 Rd8 30.Bc7 Rf8 31.Rxf8+ Kxf8 32.Nh7+ Kg7 33.Nxf6 Kxf6 
34.d8=Q+ Kg7 35.Qe7+ Kg8 36.Be5 Bf7 37.Qd8+ Be8 38.Qxe8+ Kh7 39.Qf7# 1-0

[Event "53rd World U20 ch"]
[Site "Pune IND"]
[Date "2014.10.06"]
[Round "1.39"]
[White "Johansson, Linus"]
[Black "Gandhi, Anish"]
[Result "0-1"]
[WhiteElo "2401"]
[BlackElo "2068"]
[EventDate "2014.10.06"]
[PlyCount "67"]

1.d4 d5 2.Nf3 Nf6 3.c4 c6 4.cxd5 cxd5 5.Nc3 Nc6 6.Bf4 a6 7.e3 g6 8.Bd3 Bg7
9.Ne5 O-O 10.h3 Nxe5 11.Bxe5 Ne8 12.Bh2 Nf6 13.Qb3 b6 14.Rc1 Bf5 15.Be2 b5
16.O-O Qd7 17.a4 bxa4 18.Nxa4 Rfc8 19.Rxc8+ Qxc8 20.Nc5 Qc6 21.Ra1 Bc8 22.
Qa4 Qb6 23.b4 Ra7 24.Qa5 Qxa5 25.Rxa5 Nd7 26.b5 Bf8 27.Nxd7 Bxd7 28.b6 Rb7
29.Bc7 Bb5 30.Rxb5 axb5 31.Bxb5 e5 32.Bc6 exd4 33.exd4 Rxb6 34.Bxb6 0-1

[Event "53rd World U20 ch"]
[Site "Pune IND"]
[Date "2014.10.06"]
[Round "1.40"]
[White "Sai Agni Jeevitesh, J."]
[Black "Ider, Borya"]
[Result "0-1"]
[WhiteElo "2068"]
[BlackElo "2394"]
[EventDate "2014.10.06"]
[PlyCount "63"]

1.e4 c5 2.Nf3 d6 3.d4 cxd4 4.Nxd4 Nf6 5.Nc3 g6 6.Be3 Bg7 7.f3 O-O 8.Qd2 
Nc6 9.Bc4 Bd7 10.O-O-O Rb8 11.g4 Ne5 12.Be2 Qa5 13.Nb3 Qd8 14.g5 Ne8 15.
Bxa7 Ra8 16.Bd4 b5 17.Kb1 Nc4 18.Bxc4 bxc4 19.Bxg7 Nxg7 20.Nd4 Qa5 21.Kc1 
Rfb8 22.Nd5 Qxa2 23.Qc3 Kf8 24.Kd2 Qxb2 25.Rb1 Qxc3+ 26.Kxc3 Ra3+ 27.Kd2 
Rd8 28.Ra1 Rxa1 29.Rxa1 Ne6 30.Nxe6+ Bxe6 31.Kc3 Bxd5 32.exd5 0-1

[Event "53rd World U20 ch"]
[Site "Pune IND"]
[Date "2014.10.06"]
[Round "1.41"]
[White "Vignesh, N. R."]
[Black "Horton, Jamie"]
[Result "1-0"]
[WhiteElo "2360"]
[BlackElo "2064"]
[EventDate "2014.10.06"]
[PlyCount "61"]

1.d4 Nf6 2.Nf3 e6 3.g3 b5 4.Bg2 d5 5.O-O c5 6.a4 b4 7.c4 bxc3 8.Nxc3 Nc6 
9.Bf4 a6 10.Rc1 c4 11.b3 Ba3 12.bxc4 Bxc1 13.Qxc1 O-O 14.cxd5 exd5 15.Nxd5
Nxd5 16.Qxc6 Nxf4 17.Qxa8 Nxe2+ 18.Kh1 a5 19.Re1 Re8 20.d5 Qd7 21.Qxa5 Re4
22.Qb5 Qe7 23.Qb8 Qf8 24.d6 Bd7 25.Qxf8+ Kxf8 26.a5 Re8 27.Ra1 Nc3 28.a6 
Ne4 29.a7 Bc6 30.Ng5 f5 31.d7 1-0

[Event "53rd World U20 ch"]
[Site "Pune IND"]
[Date "2014.10.06"]
[Round "1.42"]
[White "Rakesh, Kumar Nayak"]
[Black "Sidhant, Mohapatra"]
[Result "1/2-1/2"]
[WhiteElo "2057"]
[BlackElo "2382"]
[EventDate "2014.10.06"]
[PlyCount "119"]

1.c4 Nf6 2.g3 c6 3.Nf3 d5 4.Bg2 Bg4 5.Ne5 Be6 6.Qb3 Qc7 7.d4 Nbd7 8.Nxd7 
Qxd7 9.Na3 g6 10.O-O Bg7 11.Rd1 O-O 12.Qc2 Rfd8 13.Bf4 dxc4 14.Nxc4 Bxc4 
15.Qxc4 Nd5 16.Be5 Nb6 17.Qb3 Bxe5 18.dxe5 Qc7 19.f4 Rxd1+ 20.Rxd1 Rd8 21.
Kf2 Rxd1 22.Qxd1 Qd7 23.Qxd7 Nxd7 24.Ke3 Kf8 25.Kd4 e6 26.Be4 h5 27.b4 Ke7
28.Bf3 Nb6 29.b5 Nd5 30.bxc6 bxc6 31.Be4 Kd7 32.Bc2 Kc7 33.e4 Ne7 34.Kc5 
Kd7 35.a3 Kc7 36.Bd3 Kd7 37.Bc2 Kc7 38.a4 a5 39.Bb3 Nc8 40.f5 gxf5 41.exf5
Nb6 42.f6 Nd7+ 43.Kd4 c5+ 44.Ke4 Kd8 45.Bd1 h4 46.gxh4 Ke8 47.h5 Kf8 48.h6
Kg8 49.Bh5 Nf8 50.Ke3 Nh7 51.Kd3 Nf8 52.Kc3 Kh7 53.Bxf7 Kxh6 54.Kc4 Nd7 
55.Bxe6 Nxe5+ 56.Kxc5 Kg6 57.f7 Kg7 58.h4 Ng6 59.h5 Nf8 60.Bb3 1/2-1/2

[Event "53rd World U20 ch"]
[Site "Pune IND"]
[Date "2014.10.06"]
[Round "1.43"]
[White "Bersamina, Paulo"]
[Black "Krishna Teja, N."]
[Result "1/2-1/2"]
[WhiteElo "2380"]
[BlackElo "2049"]
[EventDate "2014.10.06"]
[PlyCount "106"]

1.e4 e6 2.d4 d5 3.Nd2 Nf6 4.e5 Nfd7 5.Bd3 c5 6.c3 Nc6 7.Ne2 cxd4 8.cxd4 f6
9.exf6 Nxf6 10.Nf3 Bd6 11.Bf4 Qa5+ 12.Qd2 Bb4 13.Nc3 O-O 14.O-O Ne4 15.
Bxe4 dxe4 16.Ne5 Ne7 17.a3 Bxc3 18.bxc3 Nd5 19.c4 Qxd2 20.Bxd2 Nf6 21.a4 
Rd8 22.Be3 b6 23.a5 Ba6 24.Rfb1 Rdc8 25.axb6 axb6 26.h3 b5 27.cxb5 Bb7 28.
b6 Rxa1 29.Rxa1 Rb8 30.Bg5 Nd5 31.Nd7 Ra8 32.Rxa8+ Bxa8 33.Bd8 e3 34.fxe3 
Nxe3 35.Nc5 Nxg2 36.Bc7 Nh4 37.Be5 Nf3+ 38.Kf2 Ng5 39.b7 Bxb7 40.Nxb7 
Nxh3+ 41.Kg3 Ng5 42.Nd8 Kf8 43.Bf4 Ne4+ 44.Kf3 Nf6 45.Nxe6+ Kf7 46.Nc7 h6 
47.Be5 g5 48.Bxf6 Kxf6 49.Ke4 h5 50.Nd5+ Ke6 51.Ne3 g4 52.d5+ Kf6 53.Nf5 
Kf7 1/2-1/2

[Event "53rd World U20 ch"]
[Site "Pune IND"]
[Date "2014.10.06"]
[Round "1.44"]
[White "Nitish, Belurkar"]
[Black "Cabarkapa, Novak"]
[Result "0-1"]
[WhiteElo "2046"]
[BlackElo "2379"]
[EventDate "2014.10.06"]
[PlyCount "130"]

1.d4 d5 2.Bf4 Nf6 3.e3 c5 4.c3 Nc6 5.Nd2 Bf5 6.Qb3 Qd7 7.Ngf3 c4 8.Qd1 b5 
9.Be2 e6 10.Nh4 Bd6 11.Nxf5 exf5 12.Bxd6 Qxd6 13.O-O O-O 14.Qc2 g6 15.Rfe1
Rab8 16.f3 Rfe8 17.Bf1 Re7 18.Re2 Rbe8 19.Rae1 h5 20.h3 h4 21.e4 dxe4 22.
fxe4 Nxd4 23.cxd4 Qxd4+ 24.Rf2 fxe4 25.Qc3 Qxc3 26.bxc3 Nd5 27.Nb1 e3 28.
Rc2 Nf4 29.Be2 Kg7 30.a4 a6 31.Na3 Re5 32.Kf1 Rf5 33.Bf3 Nd3 34.Rb1 Ne5 
35.axb5 Nxf3 36.gxf3 axb5 37.Nxb5 Rxf3+ 38.Kg2 Rg3+ 39.Kh2 e2 40.Re1 Ree3 
41.Rcxe2 Rxh3+ 42.Kg2 Reg3+ 43.Kf2 Rh2+ 44.Kf1 Rxe2 45.Kxe2 h3 46.Kf2 Rg2+
47.Kf3 g5 48.Nd4 g4+ 49.Kf4 h2 50.Nf5+ Kf6 51.Rh1 Rf2+ 52.Kxg4 Rxf5 53.
Rxh2 Rf1 54.Re2 Kg6 55.Kg3 Rc1 56.Re3 Kg5 57.Kf3 f5 58.Ke2 Kf4 59.Rf3+ Kg4
60.Re3 f4 61.Re8 Rc2+ 62.Kd1 Rxc3 63.Ke2 Rc2+ 64.Kd1 Ra2 65.Ke1 c3 0-1

[Event "53rd World U20 ch"]
[Site "Pune IND"]
[Date "2014.10.06"]
[Round "1.45"]
[White "Prince, Bajaj"]
[Black "Senthil, Maran K."]
[Result "1-0"]
[WhiteElo "2369"]
[BlackElo "2043"]
[EventDate "2014.10.06"]
[PlyCount "101"]

1.e4 c5 2.Nf3 a6 3.c3 e6 4.d4 d5 5.e5 Nc6 6.Bd3 Qb6 7.O-O Bd7 8.dxc5 Bxc5 
9.b4 Be7 10.Re1 f6 11.Bf4 fxe5 12.Nxe5 Nxe5 13.Bxe5 Nf6 14.Nd2 O-O 15.Nf3 
Bd6 16.Bd4 Qc7 17.Ne5 Bxe5 18.Rxe5 Rf7 19.Qe2 Raf8 20.Re1 Ne4 21.Bxe4 dxe4
22.Qxe4 Bc6 23.Qg4 Bd5 24.Bc5 Rf4 25.Qg3 R8f6 26.Rxd5 exd5 27.Re8+ Kf7 28.
Rf8+ Ke6 29.Qh3+ R6f5 30.Re8+ Kf7 31.Rf8+ Ke6 32.g3 Rf3 33.Re8+ Kf7 34.
Rf8+ Ke6 35.Qg4 b6 36.Re8+ Kf7 37.Re7+ Qxe7 38.Bxe7 Kxe7 39.Qxg7+ Kd6 40.
Qd4 Kc6 41.a4 h5 42.a5 bxa5 43.Qc5+ Kd7 44.bxa5 Ke6 45.c4 dxc4 46.Qxc4+ 
Ke7 47.Qxa6 Rf6 48.Qe2+ Kf8 49.Qb2 R3f5 50.a6 Kg7 51.a7 1-0

[Event "53rd World U20 ch"]
[Site "Pune IND"]
[Date "2014.10.06"]
[Round "1.46"]
[White "Verhelst, Joris"]
[Black "Gahwiler, Gabriel"]
[Result "0-1"]
[WhiteElo "2042"]
[BlackElo "2360"]
[EventDate "2014.10.06"]
[PlyCount "60"]

1.e4 e6 2.d3 c5 3.Nf3 Nc6 4.g3 d6 5.Bg2 Nf6 6.O-O Be7 7.Re1 e5 8.c3 O-O 9.
h3 h6 10.d4 cxd4 11.cxd4 exd4 12.Nxd4 Nxd4 13.Qxd4 Be6 14.Nc3 Qd7 15.Kh2 
Rfc8 16.Rd1 Rc4 17.Qd3 Rc5 18.f4 Rac8 19.f5 Bc4 20.Qf3 Qc7 21.Be3 Rc6 22.
Bxa7 b6 23.e5 Qxa7 24.exf6 Bxf6 25.Qf2 d5 26.Nxd5 Bxd5 27.Rxd5 Rc2 28.Rd2 
Bxb2 29.Rxc2 Rxc2 30.Qxc2 Bxa1 0-1

[Event "53rd World U20 ch"]
[Site "Pune IND"]
[Date "2014.10.06"]
[Round "1.48"]
[White "Manush, Shah"]
[Black "Arat, Ufuk Sezen"]
[Result "0-1"]
[WhiteElo "2038"]
[BlackElo "2357"]
[EventDate "2014.10.06"]
[PlyCount "33"]

1.d4 Nf6 2.c4 g6 3.Nc3 Bg7 4.e4 d6 5.f3 O-O 6.Be3 Na6 7.Qd2 c5 8.d5 e6 9.
Nge2 exd5 10.cxd5 Re8 11.Ng3 h5 12.h4 Rb8 13.Be2 Nc7 14.a4 a6 15.a5 b5 16.
axb6 Rxb6 17.Bf4 0-1

[Event "53rd World U20 ch"]
[Site "Pune IND"]
[Date "2014.10.06"]
[Round "1.52"]
[White "Godbole, Atharva"]
[Black "Koksal, Ege"]
[Result "0-1"]
[WhiteElo "2009"]
[BlackElo "2321"]
[EventDate "2014.10.06"]
[PlyCount "96"]

1.e4 e5 2.Nf3 Nc6 3.Bb5 a6 4.Ba4 Nf6 5.O-O Be7 6.Re1 b5 7.Bb3 d6 8.c3 O-O 
9.d4 Bg4 10.Be3 exd4 11.cxd4 Na5 12.Bc2 Nc4 13.Bc1 c5 14.b3 Nb6 15.Nbd2 
Nfd7 16.h3 Bh5 17.g4 Bg6 18.Bb2 Rc8 19.Rc1 c4 20.Bb1 d5 21.exd5 Bxb1 22.
Nxb1 Bb4 23.Bc3 Nxd5 24.Ne5 Nxe5 25.Rxe5 Nxc3 26.Nxc3 cxb3 27.Qxb3 Qxd4 
28.Re3 Qc4 29.Qb2 Ba5 30.Ne2 Qd5 31.Rxc8 Rxc8 32.Nf4 Qd1+ 33.Kg2 Bb6 34.
Re4 g6 35.Qf6 Qc2 36.Re2 Qc5 37.h4 Qd4 38.Qxd4 Bxd4 39.Nd5 Kg7 40.Kf3 Rc5 
41.Nb4 a5 42.Nd3 Rc6 43.Nf4 a4 44.Nd5 Rc5 45.Ke4 Rc4 46.Kd3 Bc5 47.Nc3 
Rxg4 48.Nxb5 Rxh4 0-1

[Event "53rd World U20 ch"]
[Site "Pune IND"]
[Date "2014.10.06"]
[Round "1.53"]
[White "Beradze, Irakli"]
[Black "Sudarshan, Malga"]
[Result "1-0"]
[WhiteElo "2318"]
[BlackElo "2007"]
[EventDate "2014.10.06"]
[PlyCount "37"]

1.Nf3 d5 2.c4 c6 3.g3 Nf6 4.Bg2 g6 5.O-O Bg7 6.d4 O-O 7.cxd5 cxd5 8.Nc3 
Nc6 9.Ne5 Bf5 10.Nxc6 bxc6 11.Na4 Ne4 12.Bf4 Rc8 13.Rc1 Re8 14.f3 Nd6 15.
Be3 Nc4 16.Bf2 Bh6 17.f4 Nd6 18.Nc5 f6 19.h3 1-0

[Event "53rd World U20 ch"]
[Site "Pune IND"]
[Date "2014.10.06"]
[Round "1.54"]
[White "Arjun, Satheesh"]
[Black "Borisenko, Viacheslav"]
[Result "1/2-1/2"]
[WhiteElo "2004"]
[BlackElo "2316"]
[EventDate "2014.10.06"]
[PlyCount "47"]

1.Nf3 d5 2.d4 Nf6 3.e3 e6 4.Bd3 c5 5.O-O Nc6 6.b3 Bd7 7.Bb2 Rc8 8.c4 cxd4 
9.Nxd4 dxc4 10.Nxc6 Bxc6 11.Bxc4 Bd6 12.Nc3 a6 13.Be2 O-O 14.Bf3 Be5 15.
Bxc6 Rxc6 16.Na4 Qc7 17.Bxe5 Qxe5 18.Rc1 Rxc1 19.Qxc1 Ng4 20.g3 b5 21.Nb2 
Qe4 22.f3 Qxe3+ 23.Qxe3 Nxe3 24.Rc1 1/2-1/2

[Event "53rd World U20 ch"]
[Site "Pune IND"]
[Date "2014.10.06"]
[Round "1.55"]
[White "Fisher, William"]
[Black "Wagh, Suyog"]
[Result "1/2-1/2"]
[WhiteElo "2313"]
[BlackElo "2001"]
[EventDate "2014.10.06"]
[PlyCount "58"]

1.d4 d5 2.c4 c6 3.Nf3 Nf6 4.e3 Bf5 5.Nc3 e6 6.Nh4 Be4 7.Be2 Nbd7 8.Bd2 Bd6
9.Rc1 a6 10.Nf3 Bg6 11.O-O h6 12.a3 dxc4 13.Bxc4 b5 14.Be2 c5 15.Re1 O-O 
16.Bf1 Qb6 17.Ne2 Ne4 18.Bc3 Nxc3 19.Nxc3 cxd4 20.Nxd4 Ne5 21.Qb3 Rab8 22.
Red1 Bc5 23.Nce2 Rfd8 24.Qc3 Bd6 25.Nf4 Be4 26.b4 Bb7 27.Qb3 Nc4 28.Nh5 
Bd5 29.Qc3 Bf8 1/2-1/2

[Event "53rd World U20 ch"]
[Site "Pune IND"]
[Date "2014.10.06"]
[Round "1.56"]
[White "Raja, Harshit"]
[Black "Blazeka, Matej"]
[Result "1/2-1/2"]
[WhiteElo "2000"]
[BlackElo "2311"]
[EventDate "2014.10.06"]
[PlyCount "86"]

1.e4 e5 2.Nf3 Nc6 3.Bc4 Bc5 4.c3 Nf6 5.d3 d6 6.O-O O-O 7.Bb3 a6 8.h3 Ba7 
9.Be3 Bxe3 10.fxe3 d5 11.Nbd2 dxe4 12.Nxe4 Nxe4 13.dxe4 Qe7 14.Bd5 Nd8 15.
Qe1 c6 16.Bb3 Be6 17.Nh4 Bxb3 18.Nf5 Qc7 19.axb3 Ne6 20.Rd1 Rad8 21.Qh4 
Rfe8 22.Qg4 Rxd1 23.Rxd1 Rd8 24.b4 g6 25.Nh6+ Kg7 26.Nf5+ Kf8 27.Nh4 Rxd1+
28.Qxd1 Qd8 29.Qxd8+ Nxd8 30.Nf3 f6 31.Kf2 Ne6 32.Ke2 c5 33.Kd3 cxb4 34.
cxb4 Ke7 35.Kc4 Kd6 36.Nd2 Kc6 37.Nb1 Nc7 38.Nc3 b5+ 39.Kd3 Ne8 40.Nd5 f5 
41.Nc3 Nf6 42.exf5 gxf5 43.e4 fxe4+ 1/2-1/2

[Event "53rd World U20 ch"]
[Site "Pune IND"]
[Date "2014.10.06"]
[Round "1.57"]
[White "Lokesh, P."]
[Black "Swain, Ashirwad"]
[Result "1/2-1/2"]
[WhiteElo "2303"]
[BlackElo "1998"]
[EventDate "2014.10.06"]
[PlyCount "29"]

1.e4 e5 2.Nf3 Nc6 3.Bb5 a6 4.Ba4 Nge7 5.O-O g6 6.d4 exd4 7.Nxd4 Bg7 8.Nxc6
Nxc6 9.c3 O-O 10.Be3 b5 11.Bc2 Bb7 12.Nd2 Re8 13.Re1 b4 14.Rb1 Rb8 15.c4 
1/2-1/2

[Event "53rd World U20 ch"]
[Site "Pune IND"]
[Date "2014.10.06"]
[Round "1.58"]
[White "Yogit, S."]
[Black "Harsha, Bharathakoti"]
[Result "1/2-1/2"]
[WhiteElo "1954"]
[BlackElo "2296"]
[EventDate "2014.10.06"]
[PlyCount "25"]

1.e4 c5 2.Nf3 e6 3.d4 cxd4 4.Nxd4 a6 5.Nc3 Qc7 6.g3 b5 7.Bg2 Bb7 8.O-O Nc6
9.Re1 Ne5 10.Bf4 d6 11.a4 bxa4 12.Rxa4 Nf6 13.Nf3 1/2-1/2

[Event "53rd World U20 ch"]
[Site "Pune IND"]
[Date "2014.10.06"]
[Round "1.59"]
[White "Puranik, Abhimanyu"]
[Black "Taalaibekov, Tagir"]
[Result "1/2-1/2"]
[WhiteElo "2269"]
[BlackElo "1948"]
[EventDate "2014.10.06"]
[PlyCount "64"]

1.e4 c5 2.Nf3 e6 3.d4 cxd4 4.Nxd4 a6 5.Nc3 Qc7 6.Be2 Nf6 7.O-O d6 8.f4 Be7
9.Be3 Nbd7 10.Bf3 O-O 11.g4 Nb6 12.g5 Nfd7 13.Nce2 Nc4 14.Bc1 b5 15.b3 
Ncb6 16.Bb2 Bb7 17.Ng3 d5 18.Qd2 dxe4 19.Nxe4 Nc5 20.Qg2 Nd5 21.Qg3 Nxf4 
22.Nf6+ Kh8 23.Bxb7 Nxb7 24.Nxh7 Ne2+ 25.Nxe2 Qxg3+ 26.Nxg3 Kxh7 27.Ne4 
Kg6 28.h4 Nc5 29.Nxc5 Bxc5+ 30.Kg2 Rh8 31.Kh3 Rad8 32.Bc3 Bd4 1/2-1/2

[Event "53rd World U20 ch"]
[Site "Pune IND"]
[Date "2014.10.06"]
[Round "1.60"]
[White "Praggnanandhaa, R."]
[Black "Visakh, N. R."]
[Result "1-0"]
[WhiteElo "1836"]
[BlackElo "2300"]
[EventDate "2014.10.06"]
[PlyCount "116"]

1.e4 c5 2.Nf3 e6 3.Nc3 a6 4.a4 Qc7 5.Be2 Nc6 6.O-O Nf6 7.d3 Be7 8.h3 O-O 
9.Be3 d6 10.Qd2 Rd8 11.Bf4 Nd4 12.Nh2 e5 13.Bg5 Be6 14.Bxf6 Bxf6 15.Bg4 
Qe7 16.Bxe6 fxe6 17.Ne2 Bg5 18.Qd1 Nc6 19.Nf3 Bh6 20.c3 Rac8 21.Qc2 Rf8 
22.Nh2 Rf7 23.g3 g6 24.Kg2 d5 25.h4 Na5 26.Rad1 Rcf8 27.Ng4 Bg7 28.exd5 
exd5 29.Ne3 d4 30.Nd5 Qd6 31.c4 Bh6 32.Ng1 Nc6 33.Qe2 Na5 34.Qc2 Qe6 35.
Rde1 Bg7 36.Re4 Nc6 37.Qe2 Ne7 38.Nxe7+ Qxe7 39.Nh3 h6 40.b3 Qd6 41.f4 Qb6
42.Qd1 Qc6 43.Re1 Re8 44.Kh2 Rfe7 45.h5 Qd6 46.hxg6 Qxg6 47.Qf3 Qd6 48.f5 
Rf8 49.g4 Bf6 50.Kg2 Qb6 51.Qd1 Rg7 52.Kf1 Qb4 53.Qc2 Kf7 54.Qb2 Rfg8 55.
Nf2 Rg5 56.Qc2 Re8 57.Nh3 Qc3 58.Nxg5+ hxg5 1-0

[Event "53rd World U20 ch"]
[Site "Pune IND"]
[Date "2014.10.06"]
[Round "1.61"]
[White "Kumaran, Balaji"]
[Black "Kumar, Gaurav"]
[Result "1-0"]
[WhiteElo "2239"]
[BlackElo "1945"]
[EventDate "2014.10.06"]
[PlyCount "73"]

1.e4 c5 2.Nf3 Nc6 3.d4 cxd4 4.Nxd4 Nf6 5.Nc3 e5 6.Ndb5 d6 7.Bg5 a6 8.Na3 
b5 9.Bxf6 gxf6 10.Nd5 f5 11.Bd3 Be6 12.c4 Qa5+ 13.Kf1 Bxd5 14.exd5 Nd4 15.
cxb5 axb5 16.Nc2 Nxc2 17.Qxc2 e4 18.Qc6+ Ke7 19.Bxb5 Ra7 20.Qe8+ Kf6 21.a4
Bg7 22.Qc6 Ke7 23.Qc1 Rb8 24.Rb1 Rxb5 25.axb5 Qxb5+ 26.Kg1 Qxd5 27.h4 Be5 
28.Rh3 f4 29.Ra3 Rxa3 30.bxa3 f3 31.Qg5+ Kd7 32.Re1 Qe6 33.Rb1 Qg6 34.Qxg6
hxg6 35.gxf3 exf3 36.Rb7+ Ke8 37.a4 1-0

[Event "53rd World U20 ch"]
[Site "Pune IND"]
[Date "2014.10.06"]
[Round "1.62"]
[White "Grahesh, Y."]
[Black "Navalgund, Niranjan"]
[Result "0-1"]
[WhiteElo "1919"]
[BlackElo "2267"]
[EventDate "2014.10.06"]
[PlyCount "80"]

1.c4 g6 2.Nc3 Bg7 3.g3 Nf6 4.Bg2 O-O 5.e4 d6 6.Nge2 c5 7.d3 Nc6 8.O-O Bd7 
9.h3 a6 10.a4 Ne8 11.Be3 Nd4 12.Rb1 Rb8 13.b4 Nxe2+ 14.Nxe2 cxb4 15.Rxb4 
b5 16.Qb3 Nc7 17.Rb1 bxc4 18.Qxc4 Rxb4 19.Rxb4 Qc8 20.d4 a5 21.Rb1 Na6 22.
Qb3 Nb4 23.Kh2 Qa6 24.Nc3 Rc8 25.Nd5 Nxd5 26.Qxd5 Bxa4 27.Ra1 Bb5 28.e5 
dxe5 29.dxe5 a4 30.Rb1 Bc6 31.Qd4 Bxg2 32.Kxg2 a3 33.Ra1 a2 34.Qb2 Ra8 35.
Kh2 h5 36.h4 Qa5 37.Bd4 Qd5 38.Be3 Ra6 39.Re1 e6 40.Kg1 Qd3 0-1

[Event "53rd World U20 ch"]
[Site "Pune IND"]
[Date "2014.10.06"]
[Round "1.64"]
[White "Doluweera, Minul Sanjula"]
[Black "Viani D`Cunha, Antonio"]
[Result "0-1"]
[WhiteElo "1827"]
[BlackElo "2257"]
[EventDate "2014.10.06"]
[PlyCount "62"]

1.c4 Nf6 2.d4 g6 3.Nc3 Bg7 4.e4 d6 5.Nf3 O-O 6.Be2 e5 7.dxe5 dxe5 8.Qxd8 
Rxd8 9.Bg5 Re8 10.O-O-O Bg4 11.h3 Bxf3 12.Bxf3 h6 13.Be3 c6 14.Rd2 Na6 15.
Rhd1 Bf8 16.g4 Kg7 17.Kc2 Bc5 18.Bxc5 Nxc5 19.b4 Ne6 20.Ne2 Kf8 21.Kc3 c5 
22.a3 g5 23.h4 Nd4 24.Rd3 Nxe2+ 25.Bxe2 Nxe4+ 26.Kc2 Nxf2 27.Rf1 Nxd3 28.
Bxd3 e4 29.Be2 Rad8 30.Kc3 e3 31.Bd3 e2 0-1

[Event "53rd World U20 ch"]
[Site "Pune IND"]
[Date "2014.10.06"]
[Round "1.65"]
[White "Gahan, M. G."]
[Black "Reddy, Ananta"]
[Result "1-0"]
[WhiteElo "2252"]
[BlackElo "1420"]
[EventDate "2014.10.06"]
[PlyCount "57"]

1.e4 c5 2.Nf3 g6 3.d4 cxd4 4.Qxd4 Nf6 5.Bb5 a6 6.e5 axb5 7.exf6 Nc6 8.Qd5 
Nb4 9.Qb3 e6 10.Bd2 Nd5 11.Qxb5 b6 12.c4 Nxf6 13.O-O Bg7 14.Be3 O-O 15.
Bxb6 Qe7 16.Rd1 Ba6 17.Qb3 Rfb8 18.c5 Ne4 19.Qc2 d5 20.cxd6 Qb7 21.Bd4 
Bxd4 22.Rxd4 Rc8 23.Nc3 Nc5 24.b4 Nd7 25.Qb2 Bc4 26.Nd2 Qc6 27.Nxc4 e5 28.
Nd5 Re8 29.Rd2 1-0

[Event "53rd World U20 ch"]
[Site "Pune IND"]
[Date "2014.10.06"]
[Round "1.66"]
[White "Raivath, Mallela"]
[Black "Praneeth Surya, K."]
[Result "0-1"]
[WhiteElo "1070"]
[BlackElo "2251"]
[EventDate "2014.10.06"]
[PlyCount "72"]

1.d4 Nf6 2.c4 g6 3.g3 Bg7 4.Bg2 O-O 5.Nf3 d6 6.O-O Nbd7 7.Nc3 e5 8.d5 a5 
9.e4 Nc5 10.Re1 c6 11.h3 cxd5 12.cxd5 Bd7 13.a4 Qb6 14.Nd2 Nd3 15.Re2 Nxc1
16.Qxc1 Rac8 17.Qb1 h5 18.Nf3 Bh6 19.Qa2 Rc5 20.Nd2 Rfc8 21.Nb3 Rc4 22.Rb1
Rb4 23.Nd2 Bxd2 24.Rxd2 Rxc3 25.bxc3 Rxb1+ 26.Kh2 Qb3 27.Qxb3 Rxb3 28.Rc2 
Be8 29.c4 Nd7 30.f4 f6 31.fxe5 fxe5 32.g4 h4 33.Bf1 Nc5 34.Bg2 Bxa4 35.Bf1
Rxh3+ 36.Bxh3 Bxc2 0-1

[Event "53rd World U20 ch"]
[Site "Pune IND"]
[Date "2014.10.07"]
[Round "2.1"]
[White "Deac, Bogdan-Daniel"]
[Black "Fedoseev, Vladimir"]
[Result "1/2-1/2"]
[WhiteElo "2402"]
[BlackElo "2661"]
[EventDate "2014.10.06"]
[PlyCount "121"]

1.d4 Nf6 2.c4 e6 3.Nc3 Bb4 4.e3 O-O 5.Ne2 Re8 6.a3 Bf8 7.g3 d5 8.Bg2 c6 9.
b3 dxc4 10.bxc4 e5 11.O-O e4 12.Nf4 Bd6 13.Nh5 Nbd7 14.Rb1 Nxh5 15.Qxh5 
Nf6 16.Qd1 b6 17.c5 Bc7 18.cxb6 axb6 19.f3 Ba6 20.Rf2 Bd3 21.Rb3 Qd7 22.
fxe4 Bxe4 23.Nxe4 Nxe4 24.Rf1 Rac8 25.Qc2 f5 26.Qc4+ Kh8 27.Bh3 Rf8 28.Bg2
Rce8 29.Rb2 Rf6 30.Bf3 b5 31.Qd3 Bd8 32.Qd1 Rd6 33.Bxe4 fxe4 34.a4 c5 35.
Rxb5 cxd4 36.exd4 Rxd4 37.Qh5 Rxa4 38.Rd5 Qa7+ 39.Kg2 Rg8 40.Qf5 Bf6 41.
Qe6 Qa6 42.Qxa6 Rxa6 43.Re1 Re8 44.Re2 h6 45.h4 Kg8 46.Kh3 Ra4 47.Bf4 Kf7 
48.Kg4 Rd4 49.Rc5 Ke6 50.Rc6+ Kf7 51.Rc5 Rb4 52.h5 Kg8 53.Rd5 Rc4 54.Rb5 
Kh7 55.Rd5 Rb4 56.Rc5 Bd4 57.Rd5 Bb6 58.Re5 Rxe5 59.Bxe5 e3+ 60.Kf3 Rb5 
61.Ke4 1/2-1/2

[Event "53rd World U20 ch"]
[Site "Pune IND"]
[Date "2014.10.07"]
[Round "2.2"]
[White "Van Kampen, Robin"]
[Black "Bai Jinshi"]
[Result "1/2-1/2"]
[WhiteElo "2641"]
[BlackElo "2406"]
[EventDate "2014.10.06"]
[PlyCount "51"]

1.e4 c5 2.Nf3 e6 3.d4 cxd4 4.Nxd4 Nc6 5.Nc3 Qc7 6.Be3 a6 7.Qd2 Nf6 8.O-O-O
Bb4 9.f3 Ne7 10.Nde2 b5 11.Bf4 e5 12.Bg5 h5 13.Kb1 Ba5 14.Bxf6 gxf6 15.h4 
Bb7 16.Qd3 O-O-O 17.Nd5 Nxd5 18.exd5 Rdg8 19.Rh3 Qc4 20.Qxc4+ bxc4 21.Ng3 
c3 22.Nf5 Kc7 23.d6+ Kb6 24.Ne7 Rg7 25.Nf5 Rgg8 26.Ne7 1/2-1/2